Kes-kes Mahkamah Vol.3

Bibliographic Details
Format: Book
Subjects:

MARC

LEADER 00000cam a2200000 7i4500
001 0000005615
005 20000126.0
040 |a INS 
090 0 0 |a KM3 
245 0 0 |a Kes-kes Mahkamah Vol.3 
650 0 0 |a Kes-kes Mahkamah 
999 |a KM00000003   |b BOOK   |c Course Notes   |e Default branch